Archaeological explorations in Syria 2000-2011 : proceedings of ISCACH-Beirut 2015 /
Syria has been a major crossroads of civilizations in the ancient Near East since the dawn of human kind. This volume brings together scholars involved in archaeological activities in Syria and focusses on the scientific aspects of each explored site, allowing researchers to examine in detail each h...
مؤلف مشترك:
مؤلفون آخرون: , , ,
التنسيق: وقائع المؤتمر كتاب الكتروني
اللغة: English
منشور في:
Summertown, Oxford :
Archaeopress Publishing Ltd,
2018.
الموضوعات:
الوصول للمادة أونلاين: Login to view Source
الوسوم: إضافة وسم
رقم الطلب: DS94.5
| LEADER | 02194nam a2200433 i 4500 | ||
|---|---|---|---|
| 001 | EDZ0001948294 | ||
| 003 | StDuBDS | ||
| 005 | 20230412182308.0 | ||
| 006 | m|||||o||d|||||||| | ||
| 007 | cr ||||||||||| | ||
| 008 | 180726s2018 enka fo 100|0|eng|d | ||
| 020 | |a 9781784919481 (ebook) : |c No price | ||
| 040 | |a StDuBDS |b eng |c StDuBDS |e rda |e pn | ||
| 050 | 4 | |a DS94.5 | |
| 082 | 0 | 4 | |a 939.43 |2 23 |
| 111 | 2 | |a International Syrian Congress on Archaeology and Cultural Heritage |d (2015 : |c Beirut, Lebanon), |j creator. | |
| 245 | 1 | 0 | |a Archaeological explorations in Syria 2000-2011 : |b proceedings of ISCACH-Beirut 2015 / |c edited by Jeanine Abdul Massih and Shinichi Nishiyama in collaboration with Hanan Charaf and Ahmad Deb. |
| 264 | 1 | |a Summertown, Oxford : |b Archaeopress Publishing Ltd, |c 2018. | |
| 300 | |a 1 online resource (iv, 452 pages) : |b illustrations (black and white, and colour) | ||
| 336 | |a text |2 rdacontent | ||
| 336 | |a still image |2 rdacontent | ||
| 337 | |a computer |2 rdamedia | ||
| 338 | |a online resource |2 rdacarrier | ||
| 500 | |a Previously issued in print: 2018. | ||
| 500 | |a Conference proceedings. | ||
| 520 | 8 | |a Syria has been a major crossroads of civilizations in the ancient Near East since the dawn of human kind. This volume brings together scholars involved in archaeological activities in Syria and focusses on the scientific aspects of each explored site, allowing researchers to examine in detail each heritage site, its characteristics and identity. | |
| 521 | |a Specialized. | ||
| 588 | |a Description based on online resource; title from home page (viewed on October 8, 2018). | ||
| 651 | 0 | |a Syria |x Antiquities |v Congresses. | |
| 650 | 0 | |a Excavations (Archaeology) |z Syria |v Congresses. | |
| 700 | 1 | |a Massih, Jeanine Abdul, |e editor. | |
| 700 | 1 | |a Nishiyama, Shinichi, |e editor. | |
| 700 | 1 | |a Charaf, Hanan, |e editor. | |
| 700 | 1 | |a Deb, Ahmad, |e editor. | |
| 776 | 0 | 8 | |i Print version : |z 9781784919474 |
| 856 | 4 | 0 | |3 Archaeopress |u http://library.arce.org:8087/Archaeopress/Products/9781784919474 |
| 942 | |2 lcc |c EBOOK | ||
| 952 | |0 0 |1 0 |4 0 |6 DS00945 |7 1 |9 46432 |a ARCH |b ARCH |d 2023-04-12 |l 0 |o DS94.5 |r 2023-04-12 00:00:00 |w 2023-04-12 |y EBOOK | ||
| 999 | |c 52090 |d 52090 | ||
